America in the modern world

Αποθηκεύτηκε σε:
Λεπτομέρειες βιβλιογραφικής εγγραφής
Κύριος συγγραφέας: Brogan, D. W.
Μορφή: Βιβλίο
Γλώσσα:Undetermined
Έκδοση: London Hamish Hamilton 1960
Θέματα:
Ετικέτες: Προσθήκη ετικέτας
Δεν υπάρχουν, Καταχωρήστε ετικέτα πρώτοι!
Thư viện lưu trữ: Trung tâm Học liệu Trường Đại học Cần Thơ
LEADER 00481nam a2200181Ia 4500
001 CTU_77924
008 210402s9999 xx 000 0 und d
082 |a 973.92 
082 |b B866 
100 |a Brogan, D. W. 
245 0 |a America in the modern world 
245 0 |c D. W. Brogan 
260 |a London 
260 |b Hamish Hamilton 
260 |c 1960 
650 |a National characteristics, American 
904 |i Trúc 
980 |a Trung tâm Học liệu Trường Đại học Cần Thơ